|
|
|
|
| LEADER |
00000nam a2200000 a 4500 |
| 001 |
vtls011910512 |
| 003 |
SK-MaSNL |
| 005 |
20260302093105.0 |
| 008 |
251112 1539 gw g 001 0 lat |
| 015 |
|
|
|a SNBHFA1539
|
| 040 |
|
|
|a SNKHF
|b slo
|c SNKHF
|e AACR2
|
| 041 |
|
|
|a lat
|
| 044 |
|
|
|a gw
|c DE
|
| 072 |
|
7 |
|a 783
|x Cirkevná hudba. Duchovná hudba. Náboženská hudba
|2 konspekt
|
| 080 |
|
|
|a 2-535
|2 2011
|
| 080 |
|
|
|a 783
|2 2011
|
| 080 |
|
|
|a 783.2
|2 2011
|
| 130 |
0 |
|
|a Liber Missae
|9 761951
|
| 245 |
1 |
1 |
|a [Liber Qvindecim Missarvm, A` Praestantissimis Musicis compositarum, quarum nomina unà cum suis autoribus sequens pagina commonstrat]
|
| 260 |
|
|
|a Norimbergae
|b apud Ioan. Petreium
|c [1539]
|
| 300 |
|
|
|a 4 libri
|c 4°
|c 15,5 × 20 cm
|
| 500 |
|
|
|a Iniciálky s ornamentálnym pozadím v rámčeku a vo voľnom priestore na 1, 2, 4 notové osnovy, menzurálna notácia
|
| 501 |
|
|
|a Príväzok 1.: OTTO, Johannes: Missae. - Norimbergae : arte Hieronymi Graphei. 1539. 4°.
|5 SNK HID 1656/prív.1
|
| 505 |
1 |
|
|a Liber 2.: Bassvs. A4-S4, T3 [=75] listov
|
| 510 |
4 |
|
|a RISM B/I/1539/1; VD 16 ZV/9648
|
| 546 |
|
|
|a Latinčina
|b Kurzíva
|
| 561 |
|
|
|a Z knižnice františkánov v Bratislave.
|5 SNK HID 1656
|
| 561 |
|
|
|a Proveniencia: Michael Jost 1608 O Maria Mater Dei ora pro nobis.
|5 SNK HID 1656
|
| 563 |
|
|
|a Väzba: pôvodná, renesančná, hnedá koža s ornamentálnou slepotlačou, stopy po šnúrkach, na prednej väzbe vyrazené Bassvs a rok 1546.
|5 SNK HID 1656
|
| 650 |
0 |
7 |
|a cirkevná hudba
|2 SNKPH
|9 1748
|
| 655 |
|
7 |
|a piesne
|2 SNKPH
|9 70745
|
| 655 |
|
7 |
|a texty a noty
|2 SNKPH
|9 70492
|
| 700 |
1 |
|
|a Petreius, Johann,
|d 1497-1550
|4 prt
|4 ctb
|9 172674
|
| 700 |
1 |
|
|a Jost, Michael
|4 fmo
|9 128525
|
| 710 |
1 |
|
|a Františkáni (Bratislava, Slovensko)
|4 fmo
|9 281881
|
| 710 |
0 |
|
|a Petreius, Johann (Norimberg, Nemecko),
|d 1523-1550
|4 prt
|9 172675
|
| 752 |
|
|
|a Nemecko
|d Norimberg
|
| 852 |
|
|
|a snk
|b Historické fondy
|p HID 1656
|
| 999 |
|
|
|c 1207428
|d 1209358
|
| 952 |
|
|
|t Fr Ba 26 858
|a SNK
|b SNK
|c SNK_HF
|y PREZ
|7 0
|p 17A1357304
|o snkHID 1656
|i snk2020/588
|8 5
|0 0
|1 0
|4 0
|d 2020-01-13
|f 1
|l 0
|r 2026-02-24 23:02:14
|w 2026-02-24
|